Lo que 1990 nos dejó /

Enregistré dans:
Détails bibliographiques
Auteur principal: Flakoll Alegría, Daniel
Format: Texte
Tags: Ajouter un tag
Pas de tags, Soyez le premier à ajouter un tag!

MARC

LEADER 00000 a a2200000 04500
001 45995
003
040
100 |a Flakoll Alegría, Daniel  
245 |a Lo que 1990 nos dejó /  |c Daniel Flakoll Alegría  
773 |g volumen11, número332 ( , 1991), páginas 4-5 : foto  
999 |c 29995  |d 29995